|
|
|
|
| LEADER |
00000nam a2200000 4500 |
| 001 |
vtls011912868 |
| 003 |
SK-MaSNL |
| 005 |
20260301225245.0 |
| 008 |
200507s1876 xo a 0 0n0 slo |
| 015 |
|
|
|a SNBHFA1876
|
| 035 |
|
|
|a urn:nbn:sk:snk-am00dxsc
|
| 035 |
|
|
|a urn:nbn:sk:snk-am3i8vt
|
| 035 |
|
|
|a 6F383711-4F6B-496A-98C9-4FBF2C79A0B4
|
| 040 |
|
|
|a SNKHF
|b slo
|c SNKHF
|e rda
|
| 041 |
0 |
|
|a slo
|
| 043 |
|
|
|a e-xo---
|
| 044 |
|
|
|a xo
|c SK
|
| 072 |
|
7 |
|a 09
|x Rukopisy, prvotlače, staré tlače. Vzácne a pozoruhodné diela
|2 konspekt
|
| 072 |
|
7 |
|a 398
|x Folklór
|2 konspekt
|
| 080 |
|
|
|a 098:398.51
|2 1981
|
| 080 |
|
|
|a 398.85/.87
|2 1981
|
| 130 |
0 |
|
|a Krásná
|9 497004
|
| 245 |
1 |
0 |
|a Krásná Pjseň Mládencům a Pannám pro obweselenj mysle na swětlo wydaná
|b Horo, horo wysoká gsy
|
| 264 |
|
3 |
|a W Skalicy
|b u dědičů Škarnicla
|c 1876
|
| 300 |
|
|
|a 8 nečíslovaných strán
|c 11 cm
|
| 336 |
|
|
|a text
|b txt
|2 rdacontent
|
| 337 |
|
|
|a bez média
|b n
|2 rdamedia
|
| 338 |
|
|
|a zväzok
|b nc
|2 rdacarrier
|
| 500 |
|
|
|a Titulná strana s drevorezom
|
| 546 |
|
|
|a Latinčina
|
| 563 |
|
|
|5 SNK
|
| 650 |
0 |
7 |
|a jarmočné tlače
|2 SNKPH
|9 256383
|
| 700 |
1 |
|
|a Škarnicel, Jozef,
|d 1804-1877
|4 prt
|9 169168
|
| 710 |
0 |
|
|a Škarnicel, Jozef (Skalica, Slovensko)
|4 prt
|9 271317
|
| 752 |
|
|
|a Slovensko
|d Skalica
|
| 852 |
|
|
|a snk
|p SE 509/8
|
| 958 |
|
|
|a ONDV
|
| 958 |
|
|
|a DF
|
| 958 |
|
|
|a SK
|
| 999 |
|
|
|c 950235
|d 952165
|
| 952 |
|
|
|a SNK
|b SNK
|y PREZ
|7 0
|p 17A0731964
|o snkSE 509/8
|i snk525/34
|0 0
|1 0
|4 0
|d 2020-01-23
|f 1
|l 0
|r 2026-02-24 09:46:14
|w 2026-02-24
|